Through the Looking Glass: A Data Lens on Health of People With Intellectual and Developmental Disabilities (Record no. 194949)
[ view plain ]
| 000 -LEADER | |
|---|---|
| fixed length control field | 01671nam a22001937a 4500 |
| 005 - DATE AND TIME OF LATEST TRANSACTION | |
| control field | 20250220161322.0 |
| 008 - FIXED-LENGTH DATA ELEMENTS--GENERAL INFORMATION | |
| fixed length control field | 250220b |||||||| |||| 00| 0 eng d |
| 040 ## - CATALOGING SOURCE | |
| Transcribing agency | LDD |
| 100 ## - MAIN ENTRY--PERSONAL NAME | |
| Personal name | Krahn, Gloria L. et al. |
| 245 ## - TITLE STATEMENT | |
| Title | Through the Looking Glass: A Data Lens on Health of People With Intellectual and Developmental Disabilities |
| 260 ## - PUBLICATION, DISTRIBUTION, ETC. | |
| Place of publication, distribution, etc. | USA : |
| Name of publisher, distributor, etc. | American Association on Intellectual and Developmental Disabilities , |
| Date of publication, distribution, etc. | 2024 |
| 300 ## - PHYSICAL DESCRIPTION | |
| Other physical details | p. 433-445 |
| 490 ## - Journal | |
| Journal | Intellectual and Developmental Disabilities |
| Volume/sequential designation | Vol.62(6) |
| 500 ## - GENERAL NOTE | |
| General note | Population level data on health of people with intellectual and developmental disabilities (IDD) are sorely needed to identify their health status, health disparities, and health needs. Key considerations to inform programs and policies need to address prevalence, problem identification, and progress assessment. Recent advances have been made in health data about people with disabilities generally that identify strategies for improving health data for people with IDD, including critical need for a standardized operational definition and survey identifiers of IDD. Past and current actions by federal agencies’ to improve health data for health equity are summarized. Emerging developments in IDD health data are identified, including increasing use of self-report, data linking and harmonizing, intersectionality, and recognition of ableism.<br/><br/> |
| 650 ## - SUBJECT ADDED ENTRY--TOPICAL TERM | |
| Topical term or geographic name entry element | Health Data |
| 650 ## - SUBJECT ADDED ENTRY--TOPICAL TERM | |
| Topical term or geographic name entry element | Health Policy |
| 856 ## - ELECTRONIC LOCATION AND ACCESS | |
| Link text | click here to online access |
| Uniform Resource Identifier | <a href="https://meridian.allenpress.com/idd/article-abstract/62/6/433/503928/Through-the-Looking-Glass-A-Data-Lens-on-Health-of?redirectedFrom=fulltext">https://meridian.allenpress.com/idd/article-abstract/62/6/433/503928/Through-the-Looking-Glass-A-Data-Lens-on-Health-of?redirectedFrom=fulltext</a> |
| 942 ## - ADDED ENTRY ELEMENTS (KOHA) | |
| Source of classification or shelving scheme | Dewey Decimal Classification |
| Koha item type | Article |
| Suppress in OPAC | No |
| Date last seen | Total checkouts | Price effective from | Koha item type | Lost status | Source of classification or shelving scheme | Damaged status | Not for loan | Withdrawn status | Home library | Current library | Date acquired |
|---|---|---|---|---|---|---|---|---|---|---|---|
| 02/20/2025 | 02/20/2025 | Article | Dewey Decimal Classification | Library and Documentation Division NCERT | Library and Documentation Division NCERT | 02/20/2025 |





